000 00797cam a2200253 a 4500
001 c 60005132
003 DLC
005 20260227111033.0
008 030729s1956 cc 000 0 chi c
010 _ac 60005132
035 _a(CStRLIN)DCLP03-B10737
040 _aHarvard Univ. Chinese-Japanese Library for Library of Congress
_cMiU
_dNIC
_dCStRLIN
_dDLC-R
_dDLC
042 _alccopycat
050 0 0 _aS517.C5
_bY3
066 _c$1
100 1 _6880-01
_aYang, Gong.
245 1 0 _6880-02
_aNong xue he bian /
_cYang Gong bian.
260 _6880-03
_aBeijing :
_bZhonghua shu ju,
_c1956.
300 _a16, 390 p. ;
_c20 cm.
650 0 _aAgriculture.
880 1 _6100-01/$1
_a楊鞏.
880 1 0 _6245-02/$1
_a農學合編 /
_c楊鞏編.
880 _6260-03/$1
_a北京 :
_b中華書局,
_c1956.
999 _c12718
_d12718